000
00309nam a22001337a 4500
008
171011b xxu||||| |||| 00| 0 eng d
020
_a
0132288672
041
_a
eng
080
_2
5 ED
_a
316
100
_a
50
101
_a
SOC
245
_a
THE MEANING SOCIOLOGY A READER
_c
CHARON.J.M
942
_2
udc
_c
BK
999
_c
33211
_d
33211